Tram T3 RTM tram marseillais - Statistiques

Statistiques générales
  • Ce quiz a été pris 5 fois
  • Le résultat moyen est 8 sur 11
Statistiques - réponses
Indice Arrêt % Correct
©M1/2-B1-18-19-41-50-54-73-74 Castellane
100%
©M2-T2-35/t-49-55-82 Joliette
100%
©T2 Belsunce Alcazar
80%
Cours St Louis
80%
©54 Place de Rome
80%
©T2-55 République Dames
80%
Rome Davso
80%
©T2-70-82 Arenc le Silo
60%
Rome Dragon
60%
©T2-55 Sadi Carnot
60%
©T2 Euroméditérranée Gantès
40%
Aucun quiz correspondant
Distribution des résultats
% des personnes avec chaque résultat
Percentile par nombre de réponses
Votre historique - résultats
Vous n’avez pas pris ce quiz